000 00453nam a22001817a 4500
003 MPLRDC
005 20220104113852.0
008 210129b ||||| |||| 00| 0 eng d
082 _a861.57 CDKC-17
100 _a川端康成
245 _a雪国
_c郑皮耶译
250 _a初版
260 _a
_b龙和出版公司
_c1991
300 _b
490 _a龙和文学之美系列. 1
650 _a日本现代小说
942 _cBK
_o861.57 CDKC-17
999 _c2996
_d2986